Ibn Tumlūs (Alhagiag bin Thalmus d. 620/1223), compendium on logic al-Muḫtaṣar fī al-Manṭiq /

"Abū al-Ḥajj¿j Yūsuf b. Muḥammad Ibn Ṭumlūs (Alhagiag Bin Thalmus, d. 620/1223) was a philosopher, physician and direct disciple of Ibn Rushd (Averroes, d. 595/1198), who lived and practiced rational sciences in Alzira and Marrakesh, a quarter of a century after the demise of his teacher. Ibn Ṭ...

وصف كامل

محفوظ في:

المؤلف الرئيسي: Ben Ahmed, Fouad (مؤلف)

التنسيق: كتاب الكتروني

اللغة: English

منشور في: Leiden Boston : BRILL, 2019.

سلاسل: Islamic Philosophy, Theology and Science. Texts and Studies; volume 110.
Middle East and Islamic Studies E-Books Online, Collection 2020, ISBN: 9789004405868.

الموضوعات:

الوصول للمادة أونلاين: Login to view Source

الوسوم: إضافة وسم

لا توجد وسوم, كن أول من يضع وسما على هذه التسجيلة!

رقم الطلب:

LEADER 02656cam a22004218i 4500
001 BRILL9789004400900
003 nllekb
005 20211118221439.0
006 m d
007 cr un uuuua
008 190604s2019 mau 000 0 eng
020 |a 9789004400900  |q (electronic book) 
020 |z 9789004400801  |q (print) 
024 7 |a 10.1163/9789004400900  |2 DOI 
035 |a (OCoLC)1136273750 
040 |a NL-LeKB  |c NL-LeKB  |e rda 
072 7 |a HPDC  |2 bicssc 
072 7 |a PHI  |x 22000  |2 bisacsh 
072 7 |a REL  |x 37000  |2 bisacsh 
100 1 |a Ben Ahmed, Fouad,  |e author. 
245 1 0 |a Ibn Tumlūs (Alhagiag bin Thalmus d. 620/1223), compendium on logic al-Muḫtaṣar fī al-Manṭiq /  |c Fouad Ben Ahmed. 
264 1 |a Leiden Boston :  |b BRILL,  |c 2019. 
300 |a 1 online resource. 
336 |a text  |b txt  |2 rdacontent 
337 |a unmediated  |b n  |2 rdamedia 
338 |a volume  |b nc  |2 rdacarrier 
490 1 |a Islamic Philosophy, Theology and Science. Texts and Studies;  |v volume 110 
490 1 |a Middle East and Islamic Studies E-Books Online, Collection 2020, ISBN: 9789004405868 
520 |a "Abū al-Ḥajj¿j Yūsuf b. Muḥammad Ibn Ṭumlūs (Alhagiag Bin Thalmus, d. 620/1223) was a philosopher, physician and direct disciple of Ibn Rushd (Averroes, d. 595/1198), who lived and practiced rational sciences in Alzira and Marrakesh, a quarter of a century after the demise of his teacher. Ibn Ṭumlūs was not Ibn Rushd's only student who engaged in work on logic, but one of dozens of disciples, suggesting that the supposed simultaneous death of the latter's philosophy is "grossly exaggerated". As a valuable window into the practice of logic in 13th century al-Andalus and the Maghreb, Ibn Ṭumlūs' Compendium on Logic (Al-Mukhtaṣar fī al-manṭiq) covers all the parts of "the expanded Organon", as it was known since al-F¿r¿bī (d. 339/951). The present volume offers a complete critical Arabic edition of this work, with an English and Arabic introduction, notes and indices". 
650 0 |a Philosophy. 
650 0 |a History. 
776 0 8 |i Print version:  |t Ibn Tumlūs (Alhagiag bin Thalmus d. 620/1223), compendium on logic al-Muḫtaṣar fī al-Manṭiq,   |d Leiden Boston: BRILL, 2019  |w 9789004400801 
830 0 |a Islamic Philosophy, Theology and Science. Texts and Studies;  |v volume 110. 
830 0 |a Middle East and Islamic Studies E-Books Online, Collection 2020, ISBN: 9789004405868. 
856 4 |z DOI:   |u http://dx.doi.org/10.1163/9789004400900 
942 |2 lcc  |c EBOOK 
952 |0 0  |1 0  |2 lcc  |4 0  |7 1  |9 22335  |a BRILL  |b BRILL  |d 2021-11-18  |l 0  |r 2021-11-18 00:00:00  |w 2021-11-18  |y EBOOK 
999 |c 39809  |d 39809